000 00231 a2200109 4500
001 32357
090 _c21734
_d21734
100 _aChapman,W.A.J
245 _aWorkshop Technology, 4/e
250 _a4
260 _aLondon
_bEdward Arnold
_c1972
942 _aNUST-CAE
999 _c267430
_d267430